The arts and crafts of ancient Egypt /

Saved in:

Main Author: Petrie, W. M. Flinders, Sir, 1853-1942 (Author)

Format: Book

Language: English

Published: Chicago : McClurg, 1910.

Edition: 1st American ed.

Series: The world of art series.

Subjects:

Tags: Add Tag

No Tags, Be the first to tag this record!

Call Number: ( R )N5350 .P44 1910

LEADER 00824nam a2200253I 4500
001 9036
003 OSt
005 20260602084720.0
008 130303s1910 ilua 000 0 eng d
035 |a ocm00807049 
040 |c ARCE Library 
050 4 |a ( R )N5350 .P44 1910 
100 1 |a Petrie, W. M. Flinders,   |q (William Matthew Flinders),  |c Sir,  |d 1853-1942,  |e author 
245 1 4 |a The arts and crafts of ancient Egypt /  |c by W. M. Flinders Petrie ... Containing one hundred and forty illustrations. 
250 |a 1st American ed. 
264 1 |a Chicago :  |b McClurg,  |c 1910. 
300 |a xv, 157 pages :  |b Illustrations ;  |c 20 cm. 
490 0 |a The world of art series. 
650 0 |a Art, Egyptian. 
650 0 |a Industrial arts   |x History. 
650 0 |a Industries   |z Egypt. 
901 |a reviewed 
942 |c BK  |2 lcc 
999 |c 4277  |d 4277